000 00470nam a2200169Ia 4500
003 GCL
008 140319s9999 xx 000 0 eng d
040 _aGCL /
_cGCL
082 0 4 _a158.2
_bB I
100 1 _aBLANK, PETER DAVID
245 1 0 _aINTERPERSONAL EXPECTATIONS /
_cBLANK, PETER DAVID
260 _a[S.N] :
_bCAMBRIBGE UNIVERSITY PRESS ،
_c1993
300 _a501 P
650 0 4 _aINTERPERSONAL RELALIONS
650 0 4 _aEXPECTATION (PSYCHOLOGY)
942 _2ddc
_cBK
999 _c17721
_d17721